The debt-free graduate : how to survive college without going broke /

Bibliographic Details
Main Author: Baker, Murray
Corporate Author: NetLibrary, Inc
Format: eBook
Language:English
Published: Franklin Lakes, NJ : Career Press, 2000.
Subjects:
Online Access:Connect to the full text of this electronic book

MARC

Tag First Indicator Second Indicator Subfields
LEADER 00000cam a2200000La 4500
001 in00001740521
005 20220105121252.0
006 m u
007 cr cn-
008 001201s2000 nju s 001 0 eng d
010 |z  00031193  
020 |a 0585318352 (electronic bk.) :  |c $13.99 
020 |z 1564144720 (paper) 
035 |a (OCoLC)ocm45727969 
040 |a N$T  |c N$T  |d OCL  |d UtOrBLW 
043 |a n-us--- 
049 |a IKMN 
050 1 4 |a LB2343.32  |b .B25 2000eb 
082 0 4 |a 378.3/8  |2 21 
100 1 |a Baker, Murray.  |0 http://id.loc.gov/authorities/names/n00087088 
245 1 4 |a The debt-free graduate :  |b how to survive college without going broke /  |c by Murray Baker. 
264 1 |a Franklin Lakes, NJ :  |b Career Press,  |c 2000. 
300 |a 319 pages ;  |c 21 cm. 
336 |a text  |b txt  |2 rdacontent 
337 |a computer  |b c  |2 rdamedia 
338 |a online resource  |b cr  |2 rdacarrier 
500 |a Includes index. 
533 |a Electronic reproduction.  |b Boulder, Colo. :  |c NetLibrary,  |d 2000.  |n Available via World Wide Web.  |n Access may be limited to NetLibrary affiliated libraries. 
500 |a Electronic resource. 
650 0 |a College students  |z United States  |x Finance, Personal.  |0 http://id.loc.gov/authorities/subjects/sh2009120667 
650 0 |a College student orientation  |z United States.  |0 http://id.loc.gov/authorities/subjects/sh2008100129 
655 7 |a Electronic books.  |2 local 
710 2 |a NetLibrary, Inc.  |0 http://id.loc.gov/authorities/names/no99080690 
776 1 |c Original  |w (DLC) 00031193  |w (OCoLC)43936807 
856 4 1 |u https://proxy.library.tamu.edu/login?url=http://www.netLibrary.com/urlapi.asp?action=summary&v=1&bookid=44687  |z Connect to the full text of this electronic book  |t 0 
994 |a 92  |b IKM 
999 |a MARS 
999 f f |s dbe5da91-2bb7-3da6-ad76-213e9365d0ab  |i aa118cfd-a3c2-316b-8533-190ff3305cc9  |t 0 
952 f f |a Texas A&M University  |b College Station  |c Electronic Resources  |d Available Online  |t 0  |e LB2343.32 .B25 2000eb  |h Library of Congress classification 
998 f f |a LB2343.32 .B25 2000eb  |t 0  |l Available Online